| 000 | 00706nmc a2200277 a 4500 | ||
|---|---|---|---|
| 003 | AR-BaBNM | ||
| 005 | 20251128203218.0 | ||
| 008 | 136019s1975 ||||||||||||||000 | spa|| | ||
| 040 | _cAR-BaBNM | ||
| 100 | 1 | _aTinianov, Iuri | |
| 245 | 1 | 0 | _aEl problema de la lengua poética |
| 260 |
_aBuenos Aires _bSiglo Veintiuno _c1975 |
||
| 300 | 0 | _a132 p. | |
| 490 | 0 | _aLingüística | |
| 650 | 4 | _aPOESIA | |
| 650 | 4 | _aANALISIS LITERARIO | |
| 650 | 4 | _aCRITICA LITERARIA | |
| 650 | 4 | _aINVESTIGACION LITERARIA | |
| 650 | 4 | _aANALISIS LINGUISTICO | |
| 650 | 4 | _aSIMBOLOS | |
| 653 | _aFORMALISMO RUSO | ||
| 655 | _aLITERATURA | ||
| 700 | 1 |
_aPoljak, Ana Luisa _etraductor |
|
| 942 | _cBK | ||
| 998 | _cisola | ||
| 999 |
_c2414 _d2414 |
||